| 000 | 00622nam a22002297a 4500 | ||
|---|---|---|---|
| 003 | OSt | ||
| 005 | 20160413185555.0 | ||
| 008 | 160413b xxu||||| |||| 00| 0 eng d | ||
| 020 | _a9780321569769 | ||
| 020 | _a321569768 | ||
| 040 | _cDDC | ||
| 082 | _a572.8 RUS 2010 | ||
| 100 |
_aRussell, Peter J. _97855 |
||
| 245 | _a iGenetics: a molecular approach | ||
| 250 | _a3rd ed. | ||
| 260 | _aSan Francisco; Benjamin cummings, 2010 | ||
| 300 | _axix,828p; col.ill: 28.5cm | ||
| 504 | _aGlossary, references, & index included | ||
| 650 |
_aMolecular genetics _97856 |
||
| 650 |
_aBiology _95602 |
||
| 942 |
_2z _cO_SHELF |
||
| 999 |
_c3521 _d3521 |
||